00265nam a2200109Ia 4500008004100000100001600041245003300057260002800090650001300118942000700131999001700138190216s9999||||xx |||||||||||||| ||und|| aChakravorty 0aOutline Of Political Science bThe World Press Pvt Ltd aPolitics cBK c34786d34786